00865nam a2200205 i 4500001000300000245012600003260002700129300003600156490008500192504002600277700004100303700003800344710003800382830007300420040000800493041000800501080001100509008004100520856009800561bg 0aWybrane zagadnienia geometrii wykreślnej :bmonografia 116 /c[red. nauk. Zbigniew Pałasiński, Tadeusz Raczyński]. aKraków :bPK,c1991. a117 s. :brys., wykr. ;c24 cm.1 aMonografia / Politechnika Krakowska im. Tadeusza Kościuszki,x0860-097X ;v116 aBibliogr. przy rozdz.1 aPAŁASIŃSKI, Zbigniew.ered. nauk.1 aRACZYŃSKI, Tadeusz.ered. nauk. aPOLITECHNIKA KRAKOWSKA (Kraków) 0aMonografia (Politechnika Krakowska im. Tadeusza Kościuszki) ;v116 cBPK apol a514.18 s pl f |000 0 pol  uhttp://koha.tu.koszalin.pl/cgi-bin/koha/opac-detail.pl?biblionumber=29988yKatalog online BPK